00287 a2200109 4500001000700000020000600007040001100013100003900024240005500063245005000118362000900168165613 a  cMagnum aCappelletti, Isabel Franchi Et Al.10aAvaliacao educacional: fundamentos e praticaslpor10aAvaliacao educacional: fundamentos e praticas0 a1899